000 00396nam a2200157 i 4500
001 bg
100 1 _aBOK, Julien
245 0 _aOndes électromagnétiques :
_brelativite, cours /
_cJulien Bok, Nicole Hulin-Jung.
260 _aParis,
_c1975.
700 1 _aHULIN-JUNG, Nicole
040 _cBPK
041 _apol
080 _a621.37
942 _cKS
008 s pl f |000 0 pol
999 _c27241
_d27241
856 _uhttp://koha.tu.koszalin.pl/cgi-bin/koha/opac-detail.pl?biblionumber=27241
_yKatalog online BPK